Effect of mineral NP and biofertilizers on garlic under sandy soil conditions (Record no. 53043)
[ view plain ]
| 000 -LEADER | |
|---|---|
| fixed length control field | 03140cab a2200361Ia 45 0 |
| 001 - CONTROL NUMBER | |
| control field | u200571 |
| 003 - CONTROL NUMBER IDENTIFIER | |
| control field | SIRSI |
| 008 - FIXED-LENGTH DATA ELEMENTS--GENERAL INFORMATION | |
| fixed length control field | 120604s2004 ua ss b eng d |
| 040 ## - CATALOGING SOURCE | |
| Original cataloging agency | EAL |
| 041 ## - LANGUAGE CODE | |
| Language code of text/sound track or separate title | eng |
| Language code of summary or abstract | ara |
| 090 ## - LOCALLY ASSIGNED LC-TYPE CALL NUMBER (OCLC); LOCAL CALL NUMBER (RLIN) | |
| Classification number (OCLC) (R) ; Classification number, CALL (RLIN) (NR) | ART ZJAR V31 No4A 12 |
| 100 1# - MAIN ENTRY--PERSONAL NAME | |
| Personal name | Bardisi, A. |
| 240 10 - UNIFORM TITLE | |
| Uniform title | Zagazig journal of agricultural research, 2004 v. 31 (4A) |
| Medium | [electronic resource]. |
| 245 10 - TITLE STATEMENT | |
| Title | Effect of mineral NP and biofertilizers on garlic under sandy soil conditions |
| Medium | [electronic resource] |
| Remainder of title | 2. yield, bulb quality and storability. |
| 246 15 - VARYING FORM OF TITLE | |
| Title proper/short title | تأثير التسميد المعدنى (NP) والحيوى على الثوم تحت ظروف الأرض الرملية.. |
| 300 ## - PHYSICAL DESCRIPTION | |
| Extent | P. 1441-1462. |
| 504 ## - BIBLIOGRAPHY, ETC. NOTE | |
| Bibliography, etc. note | Includes references. |
| 520 ## - SUMMARY, ETC. | |
| Summary, etc. | This experiment was carried out during two successive winter seasons of 2000-2001 and 2001-2002 at EL-Khattara Experimental Farm, Fac. Agric., Zagazig Univ., to study the effect of mineral NP (NP) and nitrobein (Nr) + phosphorein (pr) on yield, quality and storability of garlic under sandy soil conditions. Fertilization of garlic plants with 100% mineral NP in combination with 3kg Nr +1.8kg ~r recorded maximum yield of lit and 2Dd grades, total yield, exportable and marketable yield and average bulb weight, except yield of second grade in the 2Dd season since 100% NP + 4.5kg Nr +2.7 kg Pr recorded maximum yield of second grade while, Nr +Pr only at different rates .recorded minimum values. Application of 75 % NP and 4.5kg Nr +2.7 kg Pr and with4.5kg Nr +2.7 kg Pr only /fed gave the highest yield of third grade in the 1st and 2D seasons, respectively. While 75°A. or SO NP with all biofertilizers levels only gave the highest yield of fourth grade in the lit and 2nd season. Application of 100% NP + 3kg Nr +1.8 kg Pr/fed recorded maximum values of N, P, K, total carbohydrates and total protein in bulbs, 100% NP + 4.5 kg Nr +2.7 kg Pr /fed recorded maximum values of nitrate content in bulbs, 75 % NP +4.5 kg Nr +2.7 kg Pr /fed recorded maximum values of volatile oil in bulbs and with Nr + Pr only at three levels recoded maximum total soluble sugars and pungency in bulbs. Fertilization of garlic with 100% NP +3kg Nr+l.8 kg Pr and with 100% NP +4.5 kg Nr +2.7 kg Pr gave the highest values of emaciation percentage in bulbs during storage in the lit and 2nd seasons, respectively. Also, 100% NP only or with all biofertilizers levels recorded maximum sprouting percentage in bulbs during storage in both seasons. Mineral NP at 100% + 3kg Nr +1.8 kg Pr /fed recorded maximum values of weight loss percentage in bulb. |
| 546 ## - LANGUAGE NOTE | |
| Language note | Summary in Arabic. |
| 596 ## - | |
| -- | 1 |
| 650 #0 - SUBJECT ADDED ENTRY--TOPICAL TERM | |
| Topical term or geographic name entry element | Garlic |
| General subdivision | Fertilizers. |
| 650 #0 - SUBJECT ADDED ENTRY--TOPICAL TERM | |
| Topical term or geographic name entry element | Garlic |
| General subdivision | Storage. |
| 650 #0 - SUBJECT ADDED ENTRY--TOPICAL TERM | |
| Topical term or geographic name entry element | Garlic |
| General subdivision | Yields. |
| 650 #0 - SUBJECT ADDED ENTRY--TOPICAL TERM | |
| Topical term or geographic name entry element | Sandy soils. |
| 650 #0 - SUBJECT ADDED ENTRY--TOPICAL TERM | |
| Topical term or geographic name entry element | Garlic |
| General subdivision | Quality. |
| 650 #0 - SUBJECT ADDED ENTRY--TOPICAL TERM | |
| Topical term or geographic name entry element | Nitrogen fertilizers. |
| 650 #0 - SUBJECT ADDED ENTRY--TOPICAL TERM | |
| Topical term or geographic name entry element | Biofertilizers. |
| 700 1# - ADDED ENTRY--PERSONAL NAME | |
| Personal name | El-Mansi, A. A. |
| 700 1# - ADDED ENTRY--PERSONAL NAME | |
| Personal name | Fayad, A. N. |
| 700 1# - ADDED ENTRY--PERSONAL NAME | |
| Personal name | Abou El-Khair, E. E. |
| 773 0# - HOST ITEM ENTRY | |
| Title | Zagazig Journal of Agricultural Research. |
| Related parts | 2004.v.31(4A) |
| International Standard Serial Number | 1110-0338 |
| Control subfield | nnas |
| Record control number | u158356 |
| 856 40 - ELECTRONIC LOCATION AND ACCESS | |
| Uniform Resource Identifier | <a href="http://nile.enal.sci.eg/EALE/2004/ZJAR/3104/4A/1441.pdf">http://nile.enal.sci.eg/EALE/2004/ZJAR/3104/4A/1441.pdf</a> |
| Public note | Full Text Article. |
| 942 ## - ADDED ENTRY ELEMENTS (KOHA) | |
| Koha item type | Articles |
| Source of classification or shelving scheme | Library of Congress Classification |
No items available.